000 00822nam0a2200253 4500
001 RU\NLR\bibl\574343
005 20250610133727.0
035 _a(NLR Aleph) 000566389
090 _a1564741
_c1564741
100 _a20041115d2004 |||y0rusy50 ca
101 0 _arus
102 _aRU
105 _aa |||||||||
200 1 _aНеоконченная повесть...
_fЮлий Самойлов
210 _aСПб.
_cБ.и.
_d2004
215 _a182 с.
_cпортр.
_d20
606 0 _aВоенно-морские подготовительные училища
_xИстория
_yСССР
_92186280
_3RU\NLR\auth\661314457
686 _aЦ4,6(2)396.2г
700 1 _aСамойлов
_bЮ.
_gЮлий
_4070
801 0 _aRU
_bNLR
_c20041115
_gPSBO
801 1 _aRU
_bNLR
_c20041115
942 _cBOOK
980 _aNB